[Event "Purticciu op 1st"]
[Site "Grosseto Prugna"]
[Date "2014.05.07"]
[Round "2"]
[White "Stets, Dmitry"]
[Black "Dongu Cuneo, Yann"]
[Result "1-0"]
[WhiteElo "2410"]
[BlackElo "1712"]
[PlyCount "65"]
[EventDate "2014.05.06"]
[EventType "swiss"]
[EventRounds "7"]
[EventCountry "FRA"]
[SourceTitle "CBM 160 Extra"]
[Source "ChessBase"]
[SourceDate "2014.07.01"]
[SourceVersion "1"]
[SourceVersionDate "2014.07.01"]
[SourceQuality "1"]

1. e4 c5 2. Nf3 d6 3. d4 cxd4 4. Nxd4 Nf6 5. Nc3 g6 6. Be3 Bg7 7. f3 0-0 8. Bc4 Nc6 9. Bb3 Bd7 10. h4 Rc8 11. Qd2 Ne5 12. h5 Nc4 13. Bxc4 Rxc4 14. hxg6 fxg6 15. 0-0-0 Qa5 16. Nb3 Qa6 17. e5 Ne8 18. exd6 Bxc3 19. bxc3 Qxd6 20. Qe2 Qa3+ 21. Kb1 Rc7 22. Bc1 Qa4 23. Qxe7 Rf7 24. Qe5 Qb5 25. Rhe1 Qxe5 26. Rxe5 Ng7 27. Nc5 Bc6 28. Bh6 Rce7 29. Rd8+ Re8 30. Rexe8+ Nxe8 31. Ne4 Re7 32. Be3 Bxe4 33. fxe4 1-0

[Event "FRA-ch U14"]
[Site "Nimes"]
[Date "2012.04.14"]
[Round "1"]
[White "Dongu Cuneo, Yann"]
[Black "Bellahcene, Bilel"]
[Result "0-1"]
[WhiteElo "1636"]
[BlackElo "2321"]
[PlyCount "91"]
[EventDate "2012.04.14"]
[EventType "swiss"]
[EventRounds "9"]
[EventCountry "FRA"]
[SourceTitle "CBM 148 Extra"]
[Source "ChessBase"]
[SourceDate "2012.06.22"]
[SourceVersion "1"]
[SourceVersionDate "2012.06.22"]
[SourceQuality "1"]

1. g3 Nf6 2. Bg2 d5 3. c4 e6 4. Nc3 d4 5. Ne4 Nxe4 6. Bxe4 Nd7 7. d3 Bb4+ 8. Bd2 Qe7 9. Bxb4 Qxb4+ 10. Qd2 a5 11. Bg2 Qd6 12. Nf3 0-0 13. 0-0 e5 14. Ng5 h6 15. Ne4 Qe7 16. Qc2 f5 17. Nd2 Nc5 18. Nb3 Ne6 19. Nd2 c6 20. Nf3 Qd6 21. Rac1 b6 22. Rfe1 Bb7 23. Nd2 Rf7 24. Nb3 c5 25. Bxb7 Rxb7 26. Nd2 Re8 27. Nf3 Rbe7 28. Nh4 Rf7 29. Qa4 Nc7 30. Ng2 f4 31. Qd1 Ref8 32. Rf1 Ne6 33. Qd2 Ng5 34. Nh4 Qe6 35. Nf3 Nxf3+ 36. exf3 fxg3 37. fxg3 Rxf3 38. Rxf3 Rxf3 39. Re1 Qf5 40. Qe2 Re3 41. Qf2 Qxd3 42. Rf1 Re2 43. Qf8+ Kh7 44. Rf7 Qb1+ 45. Rf1 Qc2 46. Rf7 0-1